000 00728nam a2200229 a 4500
001 000049065
003 DO-SdBNP
005 20250307073711.0
007 ta
008 190717s1992 dr r 000 0 spa d
040 _aDO-SdBNP
_bspa
_cBNPHU
082 4 _bH519c
_222
100 1 _aHenríquez Ureña, Pedro,
_d1884-1946
_91718
245 1 4 _aLas corrientes literarias en la América Hispánica /
_cPedro Henríquez Ureña.
260 _aSanto Domingo :
_bUNPHU,
_c1992
300 _a342 p. ;
_c21 cm.
500 _aIncluye índice de nombres.
500 _aPublicaciones de la Universidad Nacional Pedro Henríquez Ureña.
504 _aBibliografía : p. 275-299
590 _aInventariado, 2019/BT
942 _2ddc
_cLBS1
999 _c48553
_d48553